La idea del cuerpo en las letras españolas : siglos XIII a XVII (Record no. 21244)
[ view plain ]
| 000 -CABECERA | |
|---|---|
| campo de control de longitud fija | 00586cam a22001932a 4500 |
| 001 - NÚMERO DE CONTROL | |
| campo de control | 015486 |
| 003 - IDENTIFICADOR DEL NÚMERO DE CONTROL | |
| campo de control | AR-FADEU |
| 008 - DATOS DE LONGITUD FIJA--INFORMACIÓN GENERAL | |
| campo de control de longitud fija | 311216n1973####xxu####################dd |
| 092 ## - ASIGNACIÓN LOCAL DE SIGNATURA TOPOGRÁFICA DEWEY (OCLC) | |
| Número de clasificación | 860.9 |
| Número de documento/Ítem | C835 |
| 100 ## - ENTRADA PRINCIPAL--NOMBRE DE PERSONA | |
| Nombre de persona | Cvitanovic, Dinko |
| 245 ## - MENCIÓN DE TÍTULO | |
| Título | La idea del cuerpo en las letras españolas : siglos XIII a XVII |
| 260 ## - PUBLICACIÓN, DISTRIBUCIÓN, ETC. (PIE DE IMPRENTA) | |
| Lugar de publicación, distribución, etc. | Bahía Blanca |
| 260 ## - PUBLICACIÓN, DISTRIBUCIÓN, ETC. (PIE DE IMPRENTA) | |
| Nombre del editor, distribuidor, etc. | Universidad Nacional del Sur. Instituto de Humanidades |
| 260 ## - PUBLICACIÓN, DISTRIBUCIÓN, ETC. (PIE DE IMPRENTA) | |
| Fecha de publicación, distribución, etc. | 1973 |
| 300 ## - DESCRIPCIÓN FÍSICA | |
| Extensión | 211 p |
| 440 ## - MENCIÓN DE SERIE/PUNTO DE ACCESO ADICIONAL--TÍTULO | |
| Título | Cuadernos del sur |
| 650 ## - PUNTO DE ACCESO ADICIONAL DE MATERIA--TÉRMINO DE MATERIA | |
| Término de materia o nombre geográfico como elemento inicial | LITERATURA ESPAÑOLA-HISTORIA; CRITICA LITERARIA; CUERPO HUMANO/REVISADO/ |
| 942 ## - ELEMENTOS DE PUNTO DE ACCESO ADICIONAL (KOHA) | |
| Tipo de ítem Koha | BDGR |
| Estado de retiro | Estado de pérdida | Estado dañado | No para préstamo | Localización permanente | Ubicación/localización actual | Fecha de adquisición | Número de inventario | Total de préstamos | Signatura topográfica completa | Código de barras | Fecha visto por última vez | Precio válido a partir de | Tipo de ítem Koha |
|---|---|---|---|---|---|---|---|---|---|---|---|---|---|
| Biblioteca Ernesto Sabato - FADECS - UNCOMA | Biblioteca Ernesto Sabato - FADECS - UNCOMA | 21/02/2017 | 8356 | 860.9 C835 | 8356 | 21/02/2017 | 21/02/2017 | BDGR |